Problémy syntézy nelineárních impulsových zařízení

Enregistré dans:
Détails bibliographiques
Auteurs principaux: Morugin, L. A. (Auteur), Bartenev, L. S. (Auteur), Kabanov, D. A. (Auteur)
Format: Livre
Langue:tchèque
Publié: Praha : SNTL, 1977
Édition:1. vyd.
Tags: Ajouter un tag
Pas de tags, Soyez le premier à ajouter un tag!

MARC

LEADER 00000nam a22000003a 4500
001 stu53336
005 20150617225702.4
008 000427s1977----cs------------------cze-d
040 |a STU  |b slo 
041 0 |a cze 
044 |a cs 
080 |a 621.37.049 
100 1 |a Morugin, L. A.  |4 aut 
245 1 |a Problémy syntézy nelineárních impulsových zařízení 
250 |a 1. vyd. 
260 |a Praha :  |b SNTL,  |c 1977 
300 |a 220 s 
700 1 |a Bartenev, L. S.  |4 aut 
700 1 |a Kabanov, D. A.  |4 aut 
996 |b 284EK04264  |c E*38440  |l EE01  |s A  |a 24  |w stu53336_0001 
996 |c V*14957/O-5120  |l VV3  |s P  |a 0  |w stu53336_0003 
996 |b 284EK04263  |c E*38441  |l EE0101  |s P  |a 0  |w stu53336_0004